Las niñas, los niños y los adolescentes : titulares activos de derechos : mirada a Latinoamérica /
Kaydedildi:
| Yazar: | |
|---|---|
| Materyal Türü: | Kitap |
| Dil: | İspanyolca |
| Baskı/Yayın Bilgisi: |
Bogotá, Colombia :
Aurora,
2006, c2006
|
| Seri Bilgileri: | (Mirada a Latinoamérica)
|
| Konular: | |
| Etiketler: |
Etiket eklenmemiş, İlk siz ekleyin!
|
MARC
| LEADER | 00000nam^a2200000^a^4500 | ||
|---|---|---|---|
| 001 | 000194600 | ||
| 005 | 20250521000000.0 | ||
| 009 | 20260310102722.126 | ||
| 020 | |a 978-958-9136-30-0 | ||
| 037 | |a Acervo ITESO - Biblioteca | ||
| 041 | |a ESP | ||
| 082 | |a 346. 01351 |b GAL | ||
| 100 | |a Galvis Ortiz, Ligia |e (autor) | ||
| 245 | 1 | 4 | |a Las niñas, los niños y los adolescentes : |b titulares activos de derechos : mirada a Latinoamérica / |c L. Galvis Ortiz. |
| 264 | 4 | |a Bogotá, Colombia : |b Aurora, |c 2006, c2006 | |
| 300 | |a 191 p. | ||
| 336 | |a texto |b txt |2 rdacontenido | ||
| 337 | |a sin mediación |b n |2 rdamedio | ||
| 338 | |a volumen |b nc |2 rdasoporte | ||
| 440 | |a (Mirada a Latinoamérica) | ||
| 649 | |a XX | ||
| 650 | |a Niños - |x Condiciones Jurídicas - |x Tema Principal | ||
| 650 | |a Niños - |z Latinoamérica - |x Condiciones Jurídicas | ||
| 650 | |a Adolescentes - |x Condiciones Jurídicas - |x Tema Principal | ||
| 650 | |a Adolescentes - |z Latinoamérica - |x Condiciones Jurídicas | ||
| 650 | |a Tutela - |z Latinoamérica | ||
| 650 | |a Tutela | ||
| 650 | |a Ciudadanía - |z Latinoamérica | ||
| 650 | |a Ciudadanía | ||
| 650 | |a Derechos Humanos | ||
| 650 | |a Derecho de Familia - |z Latinoamérica | ||
| 650 | |a Derecho de Familia | ||
| 650 | |a Derecho Civil - |z Latinoamérica | ||
| 650 | |a Derecho Civil | ||
| 650 | |a Derecho Privado - |z Latinoamérica | ||
| 650 | |a Derecho Privado | ||
| 910 | |a Fondo General | ||
| 920 | |a Impresos - Libros | ||
| 930 | |a Colección General | ||
| 905 | |a 101 | ||
| 901 | |a 0500139807 |b IT1 |c ACC |u 20250521 | ||
| 902 | |a https://opac.biblio.iteso.mx/vufind/Record/000194600 | ||